Membrany i sorbenty v biotechnologii /

Guardado en:
Detalles Bibliográficos
Autores principales: Čerkasov, Andrej Nikolajevič (Autor), Pasečnik, Vladimir Artemovič (Autor)
Formato: Libro
Lenguaje:ruso
Publicado: Leningrad : Chimija, 1991
Etiquetas: Agregar Etiqueta
Sin Etiquetas, Sea el primero en etiquetar este registro!

MARC

LEADER 00000nam a22000003a 4500
001 stu18097
005 20150617225754.5
008 911129s1991----xxr-----------------rus-d
020 |a 5-7245-0683-1 
040 |a STU  |b slo 
041 0 |a rus 
044 |a xxr 
080 |a 577.1 
100 1 |a Čerkasov, Andrej Nikolajevič  |4 aut 
245 1 |a Membrany i sorbenty v biotechnologii /  |c [aut.]Čerkasov,Andrej Nikolajevič, Pasečnik,Vladimir Artemovič 
260 |a Leningrad :  |b Chimija,  |c 1991 
300 |a 239 s :  |b Tab.,grafy,lit 
700 1 |a Pasečnik, Vladimir Artemovič  |4 aut 
996 |b C88710  |c C*88710  |l CCXV  |s P  |a 0  |w stu18097_0001